000 00488nam a2200121Ia 4500
008 160712s9999 xx 000 0 und d
100 _aYbiernas, Vicente Angel S.
245 _cVicente Angel S. Ybiernas
_aMigrant Workers in South Korea: Between Strategic Ambivalence and Systematic Exploitation
260 _c2013
_bSocial Science Diliman
300 _avol. 9 no. 1
650 _xSOCIAL SCIENCE
856 _uhttp://journals.upd.edu.ph/index.php/socialsciencediliman/issue/view/388/showToc
999 _c297358
_d297358